[Event "GRE-chT 45th"]
[Site "Achaia"]
[Date "2017.07.07"]
[Round "6.7"]
[White "Sotiropoulos, Anastasios Theohar"]
[Black "Beliotis, Georgios"]
[Result "1-0"]
[WhiteElo "1757"]
[BlackElo "2112"]
[PlyCount "97"]
[EventDate "2017.07.03"]
[EventType "team-swiss"]
[EventRounds "7"]
[EventCountry "GRE"]
[SourceTitle "CBM 179 Extra"]
[Source "ChessBase"]
[SourceDate "2017.08.23"]
[SourceVersion "1"]
[SourceVersionDate "2017.08.23"]
[SourceQuality "1"]
[WhiteTeam "Sykeon Neapolis"]
[BlackTeam "Kalamata Poseidon"]
[WhiteTeamCountry "GRE"]
[BlackTeamCountry "GRE"]

1. d4 Nf6 2. Nf3 g6 3. g3 Bg7 4. Bg2 0-0 5. 0-0 d5 6. c4 Nc6 7. cxd5 Nxd5 8. Nc3 Nb6 9. e3 Re8 10. d5 Nb4 11. e4 c6 12. a3 Na6 13. dxc6 Qxd1 14. Rxd1 bxc6 15. Be3 Nc4 16. Rab1 Nxe3 17. fxe3 Rb8 18. Nd4 Bg4 19. Rdc1 Bh6 20. Kf2 Nc5 21. Bf1 e5 22. Nxc6 Rb6 23. b4 Rxc6 24. bxc5 Rf6+ 25. Ke1 Rf3 26. Nd5 Bxe3 27. Be2 Bxc1 28. Rxc1 Kf8 29. Bxf3 Bxf3 30. Kf2 Bh5 31. g4 Bxg4 32. Nf6 Be6 33. Nxe8 Kxe8 34. c6 Kd8 35. c7+ Kc8 36. Ke3 h5 37. Rc5 h4 38. Kd3 g5 39. Rxe5 Kxc7 40. Rxg5 a6 41. Rh5 h3 42. Kd4 Kd6 43. Rh8 Bd7 44. Rb8 a5 45. Rb6+ Bc6 46. e5+ Kc7 47. Kc5 Bd7 48. Rf6 Be8 49. Rf3 1-0